000 00744nam a22002057a 4500
008 131021b xxu||||| |||| 00| 0 alb d
020 _a3901888209
041 _aalb
041 _aeng
080 _a061.3
245 _a1st European Quality days in Kosova :
_c[Edmond Hajrizi]
260 _aPrishtinë ;
_aVienna :
_bInstitute for Enterprise Management and Engineering ;
_bVienna University of Technology,
_c2002
300 _a160 f.;
_c29 cm.
490 _aIEME Development and Research
500 _aAuthor Index : f. 160
650 _aMenaxhimi i cilësisë
_vKonferenca
700 _aHajrizi, Edmond
700 _aOsanna, Herbert P.
942 _2udc
_cBK
999 _c149
_d149